A Text Book of Power System Engineering (Record no. 48093)

MARC details
000 -LEADER
fixed length control field 00413nam a2200169Ia 4500
008 - FIXED-LENGTH DATA ELEMENTS--GENERAL INFORMATION
fixed length control field 230524s9999 xx 000 0 und d
020 ## - INTERNATIONAL STANDARD BOOK NUMBER
ISBN 8170089166
082 ## - DEWEY DECIMAL CLASSIFICATION NUMBER
Classification number 621.317
Item number STE
100 ## - MAIN ENTRY--AUTHOR NAME
Personal name R.K.rajput
245 #2 - TITLE STATEMENT
Title A Text Book of Power System Engineering
250 ## - EDITION STATEMENT
Edition statement 4TH
260 ## - PUBLICATION, DISTRIBUTION, ETC. (IMPRINT)
Place of publication NOIDA
Name of publisher Laxmi Pub
Year of publication 2010
300 ## - PHYSICAL DESCRIPTION
Number of Pages XVI;1085
500 ## - GENERAL NOTE
General note Quantity Number: 2
650 ## - SUBJECT ADDED ENTRY--TOPICAL TERM
Topical Term Electrical
942 ## - ADDED ENTRY ELEMENTS (KOHA)
Koha item type Books
Holdings
Lost status Damaged status Permanent Location Current Location Shelving location Date acquired Full call number Accession Number Koha item type
    Central Library, Trident Academy of Technology Central Library, Trident Academy of Technology General Stacks 05/24/2023 621.317 STE 40717 Books
    Central Library, Trident Academy of Technology Central Library, Trident Academy of Technology General Stacks 05/24/2023 621.317 STE 40718 Books
Trident Academy of Technology © 2023.
All rights reserved.                                                                                                                                                                                                        Designed by Team of Central Library .

Powered by Koha